Antipsicóticos - Statistics

General Stats
  • This quiz has been taken 4 times
  • The average score is 18 of 32
Answer Stats
Característica Fármaco o clase farmacológica % Correct
Antagonismo D2 puro Antipsicóticos típicos
100%
Da un ejemplo de: antipsicóticos típicos/primera generación Haloperidol | Trifluoperazina | Flufenazina | Clorpromazina | Tioridazina | Pipotiazida
100%
Porcentaje de receptores D2 que deben ser bloqueados para que el antipsicótico sea efectivo ~60%
67%
Porcentaje de receptores D2 que deben ser bloqueados para que haya riesgo de síntomas extrapiramidales ~80%
67%
Menos efectos adversos Aripiprazol
67%
Si quiero evitar efectos adversos metábolicos doy... Aripiprazol
67%
Primer antipsicótico Clorpromazina
67%
Antipsicótico más efectivo Clozapina
67%
Puede causar agranulocitosis Clozapina
67%
Puede bajar el umbral convulsivo Clozapina
67%
Puede causar miocarditis Clozapina
67%
Los que más generan aumento de peso Clozapina | Olanzapina
67%
Receptores asociados a hiperprolactinemia D2
67%
Agonista parcial D2 y 5HT1A; antagonista 5HT2A Aripiprazol
67%
Da un ejemplo de: antipsicóticos atípicos/segunda generación Clozapina | Risperidona | Paliperidona Olanzapina | Quetiapina | Aripiprazol
67%
Se puede dar intramuscular en pacientes agitados Haloperidol | Olanzapina
67%
Receptores asociados a ganancia de peso H1 | 5HT2C
67%
También sirve para tratar delirium Haloperidol
67%
Se combina con Midazolam (2.5-5mg) para el esquema de sedación en pacientes agitados Haloperidol
67%
El síntoma asociado a desregulación tuberoinfundibular frecuentemente causado por antipsicóticos típicos se llama... Hiperprolactinemia
67%
Los movimientos anormales asociados con la vía nigroestrial frecuentemente causados por antipsicóticos típicos se llaman... Síntomas extrapiramidales
67%
Receptores asociados a hipotensión ortostática α1
33%
Acción D4 y menor ocupación D2 Clozapina
33%
Antipsicóticos asociados a sedación Clozapina | Olanzapina | Quetiapina
33%
Receptores asociados acatisia, distonía y parkinsonismos D2
33%
Receptores asociados a sedación H1
33%
No antipsicótico que se da en depresión bipolar Ketamina
33%
Antipsicótico usado en Colombia en vez de la Clorpromazina Levomepromazina
33%
Antipsicótico atípico de depósito se pone cada 1-3-6 meses Paliperidona
33%
Antipsicótico típico de depósito antes muy usado en Colombia, se pone cada 15 días Pipotiazina
33%
Se puede usar en depresión bipolar Quetiapina
33%
Atípicos que pueden generar síntomas extrapiramidales e hiperprolactinemia más frecuentemente Risperidona | Paliperidona
33%
No matching quizzes found
Score Distribution
Percent of People with Each Score
Percentile by Number Answered
Your Score History
You have not taken this quiz